Marine machinery : Operation and Maintenance (Record no. 12331)

000 -LEADER
fixed length control field 00475nam a22001817a 4500
008 - FIXED-LENGTH DATA ELEMENTS--GENERAL INFORMATION
fixed length control field 230303b 2015 ||||| |||| 00| 0 eng d
020 ## - INTERNATIONAL STANDARD BOOK NUMBER
International Standard Book Number 9788190233388
082 ## - DEWEY DECIMAL CLASSIFICATION NUMBER
Classification number 623.87
Item number SRI
100 ## - MAIN ENTRY--PERSONAL NAME
Personal name Srinivasan, T. B.
245 ## - TITLE STATEMENT
Title Marine machinery : Operation and Maintenance
250 ## - EDITION STATEMENT
Edition statement 2nd ed.
260 ## - PUBLICATION, DISTRIBUTION, ETC. (IMPRINT)
Place of publication, distribution, etc Mumbai
Name of publisher, distributor, etc IME (India)
Date of publication, distribution, etc 2015
300 ## - PHYSICAL DESCRIPTION
Extent 231p.
650 ## - SUBJECT ADDED ENTRY--TOPICAL TERM
Topical term or geographic name as entry element Air compressors
650 ## - SUBJECT ADDED ENTRY--TOPICAL TERM
Topical term or geographic name as entry element Steering Gear Systems
650 ## - SUBJECT ADDED ENTRY--TOPICAL TERM
Topical term or geographic name as entry element Heat Exchangers
942 ## - ADDED ENTRY ELEMENTS (KOHA)
Item type Books
Holdings
Withdrawn status Lost status Source of classification or shelving scheme Damaged status Not for loan Collection code Permanent location Current location Shelving location Date acquired Total Checkouts Total Renewals Full call number Barcode Checked out Date last seen Date last borrowed Koha item type Public note
          Non-fiction IMU-MPC Library IMU-MPC Library General Stacks 2023-03-03 8 13 623.87 SRI MPC6630 2026-06-04 2026-04-02 2026-04-02 Books Column - 48
          Non-fiction IMU-MPC Library IMU-MPC Library New Materials Shelf 2023-03-03     623.87 SRI MPC6631   2025-03-17   Books Column - 2
Copyright © 2021 Indian Maritime University, Mumbai Port Campus. All Rights Reserved. Managed & Maintained by Central Library, IMU-Mumbai

webs counters

Powered by Koha